Advanced Operative Dentistry: (Record no. 36780)

MARC details
000 -LEADER
fixed length control field 00527nam a22001697a 4500
005 - DATE AND TIME OF LATEST TRANSACTION
control field 20241122094740.0
008 - FIXED-LENGTH DATA ELEMENTS--GENERAL INFORMATION
fixed length control field 241122b |||||||| |||| 00| 0 eng d
020 ## - INTERNATIONAL STANDARD BOOK NUMBER
ISBN 978-0-7020-3126-7
082 ## - DEWEY DECIMAL CLASSIFICATION NUMBER
Classification number 617.605
Item number ADV
245 ## - TITLE STATEMENT
Title Advanced Operative Dentistry:
Remainder of title a practical approach /
Statement of responsibility, etc. Edited by David Ricketts ; David Bartlett
260 ## - PUBLICATION, DISTRIBUTION, ETC.
Place of Publication UK :
Name of publisher, distributor, etc. Elsevier ;
Date of publication, distribution, etc. 2011.
300 ## - PHYSICAL DESCRIPTION
Pages xi, 333 p. :
500 ## - GENERAL NOTE
General note Include Index.
650 ## - SUBJECT ADDED ENTRY--TOPICAL TERM
Subject / Department Medical / Dentistry
700 ## - ADDED ENTRY--PERSONAL NAME
Personal name David Ricketts (Editor)
300 ## - PHYSICAL DESCRIPTION
-- ill ;
-- 28 cm.
952 ## - LOCATION AND ITEM INFORMATION (KOHA)
-- 0
-- 0
Holdings
Lost status Damaged status Collection code Permanent Location Current Location Shelving Location Date acquired Full Call Number Accession No./Barcode Date last seen Copy number item type Koha item type
    Medical Superior Information Resource Center (SIRC) Superior University- Main Campus Superior Information Resource Center (SIRC) Superior University- Main Campus Dentistry 11/22/2024 617.605 ADV 2011 29770 11/22/2024 1 BOOK BOOK

Powered by Koha